| 000 | 00755nam a2200217 a 4500 | ||
|---|---|---|---|
| 001 | 84811 | ||
| 003 | BD-RjUL | ||
| 005 | 20250415122358.0 | ||
| 008 | 250415s1952 pk ||||| |||| 00| 0 eng d | ||
| 035 | _a(BD-RjUL)84811 | ||
| 040 |
_aBD-RjUL _beng _cBD-RjUL |
||
| 041 | _aeng | ||
| 082 |
_223 _a315.47103 _bCEN 1952 |
||
| 245 |
_aCensus of Pakistan, 1951: _bvillage list. [Punjab and Bahawalpur State] / _cCensus Organization (Pakistan) |
||
| 260 |
_aLahore : _bOffice of the Provincial Superintendent of Census Punjab and Bahawalpur , _c1952 |
||
| 300 |
_aVarious paging; _c25 cm. |
||
| 650 |
_aPakistan Census, 1951 _915239 |
||
| 650 |
_aBahāwalpur (Pakistan) Census, 1951 _915240 |
||
| 710 |
_aCensus Organization (Pakistan) _915241 |
||
| 942 |
_2ddc _cBK |
||
| 999 |
_c84811 _d84811 |
||